[Event "Arandjelovac ASK-13 IM"]
[Site "Arandjelovac"]
[Date "2023.12.21"]
[Round "5"]
[White "Ilincic, Zlatko"]
[Black "Vlajkovic, Stanko"]
[Result "1/2-1/2"]
[WhiteElo "2302"]
[BlackElo "2233"]
[PlyCount "23"]
[EventDate "2023.12.18"]
[EventType "tourn"]
[EventRounds "9"]
[EventCountry "SRB"]
[SourceTitle "CB52_2023"]
[SourceDate "2023.12.27"]
[SourceVersion "1"]
[SourceVersionDate "2023.12.27"]
[SourceQuality "1"]

1. d4 d5 2. Nf3 Nf6 3. e3 e6 4. c4 Be7 5. b3 0-0 6. Bd3 b6 7. 0-0 Bb7 8. Nbd2 c5 9. Bb2 Nc6 10. Rc1 Rc8 11. Qe2 Re8 12. Rfd1 1/2-1/2

[Event "Arandjelovac ASK-12 IM"]
[Site "Arandjelovac"]
[Date "2023.12.17"]
[Round "9"]
[White "Vlajkovic, Stanko"]
[Black "Alikhanyan, Artak"]
[Result "1/2-1/2"]
[WhiteElo "2233"]
[BlackElo "2209"]
[PlyCount "34"]
[EventDate "2023.12.11"]
[EventType "tourn"]
[EventRounds "9"]
[EventCountry "SRB"]
[SourceTitle "CB51_2023"]
[SourceDate "2023.12.20"]
[SourceVersion "1"]
[SourceVersionDate "2023.12.20"]
[SourceQuality "1"]

1. c4 c6 2. Nf3 d5 3. cxd5 cxd5 4. d4 Nf6 5. Nc3 Nc6 6. Bf4 Bf5 7. Qb3 Na5 8. Qa4+ Bd7 9. Qc2 e6 10. e3 Rc8 11. Bd3 Nh5 12. Bg5 Be7 13. Bxe7 Qxe7 14. Ne5 Nc6 15. Qe2 g6 16. 0-0 0-0 17. f4 f5 1/2-1/2

[Event "Arandjelovac ASK-12 IM"]
[Site "Arandjelovac"]
[Date "2023.12.15"]
[Round "7"]
[White "Vlajkovic, Stanko"]
[Black "Ghazaryan, Raffi"]
[Result "1/2-1/2"]
[WhiteElo "2233"]
[BlackElo "2053"]
[PlyCount "39"]
[EventDate "2023.12.11"]
[EventType "tourn"]
[EventRounds "9"]
[EventCountry "SRB"]
[SourceTitle "CB51_2023"]
[SourceDate "2023.12.20"]
[SourceVersion "1"]
[SourceVersionDate "2023.12.20"]
[SourceQuality "1"]

1. Nf3 d5 2. d4 Nf6 3. Bf4 c5 4. e3 Nc6 5. c3 Qb6 6. Qc1 Bf5 7. Nbd2 e6 8. Be2 Be7 9. h3 0-0 10. dxc5 Bxc5 11. b4 Be7 12. a4 Rac8 13. a5 Qd8 14. Qb2 d4 15. cxd4 Nxb4 16. 0-0 Nfd5 17. Bg3 Rc2 18. Qb3 Rc3 19. Qb2 Rc2 20. Qb3 1/2-1/2

[Event "Arandjelovac ASK-12 IM"]
[Site "Arandjelovac"]
[Date "2023.12.11"]
[Round "1"]
[White "Kosic, Dragan"]
[Black "Vlajkovic, Stanko"]
[Result "0-1"]
[WhiteElo "2402"]
[BlackElo "2233"]
[PlyCount "66"]
[EventDate "2023.12.11"]
[EventType "tourn"]
[EventRounds "9"]
[EventCountry "SRB"]
[SourceTitle "CB51_2023"]
[SourceDate "2023.12.20"]
[SourceVersion "1"]
[SourceVersionDate "2023.12.20"]
[SourceQuality "1"]

1. d4 Nf6 2. Bg5 d5 3. e3 g6 4. Nd2 Bg7 5. Ngf3 0-0 6. Bd3 c5 7. c3 b6 8. Qe2 Bb7 9. 0-0 Ne4 10. Bf4 Nd7 11. Rfd1 Nxd2 12. Rxd2 c4 13. Bc2 b5 14. e4 dxe4 15. Bxe4 Bxe4 16. Qxe4 Nf6 17. Qb7 Qd7 18. Qa6 Nd5 19. Bg3 Rfc8 20. Ne5 Bxe5 21. dxe5 e6 22. a4 Rcb8 23. axb5 Qxb5 24. Qa3 a5 25. h3 a4 26. Bh4 Qc6 27. Qd6 Qc8 28. Bf6 Ra6 29. Qa3 Rb3 30. Qa2 Ra8 31. Rd4 Qb7 32. Rxc4 Rxb2 33. Qa3 Ne3 0-1

[Event "Arandjelovac ASK-11 IM"]
[Site "Arandjelovac"]
[Date "2023.12.08"]
[Round "7"]
[White "Anishka, Vikram"]
[Black "Vlajkovic, Stanko"]
[Result "0-1"]
[WhiteElo "1859"]
[BlackElo "2233"]
[PlyCount "82"]
[EventDate "2023.12.04"]
[EventType "tourn"]
[EventRounds "9"]
[EventCountry "SRB"]
[SourceTitle "CB51_2023"]
[SourceDate "2023.12.20"]
[SourceVersion "1"]
[SourceVersionDate "2023.12.20"]
[SourceQuality "1"]

1. d4 Nf6 2. c4 e6 3. Nc3 d5 4. cxd5 exd5 5. Bg5 c6 6. e3 Bd6 7. Bd3 0-0 8. Qc2 h6 9. Bh4 a5 10. Nf3 Re8 11. 0-0 Bg4 12. Nd2 Nbd7 13. h3 g5 14. Bg3 Bxg3 15. fxg3 Be6 16. e4 Qb6 17. Ne2 dxe4 18. Nxe4 Nxe4 19. Bxe4 Ne5 20. b3 a4 21. Rab1 axb3 22. axb3 Ra5 23. Bf5 Nd7 24. Bxe6 Rxe6 25. Kh2 Nf6 26. Nc3 Qxd4 27. Rbd1 Qe5 28. Rde1 Qxe1 29. Rxe1 Rxe1 30. Qd2 Raa1 31. g4 Rac1 32. Qd8+ Kg7 33. Qd4 Rh1+ 34. Kg3 c5 35. Qe5 Rhe1 36. Ne2 Rc2 37. h4 Rexe2 38. Qf5 Rxg2+ 39. Kh3 Rh2+ 40. Kg3 Rcg2+ 41. Kf3 Rf2+ 0-1

[Event "Arandjelovac ASK-11 IM"]
[Site "Arandjelovac"]
[Date "2023.12.06"]
[Round "3"]
[White "Kosic, Dragan"]
[Black "Vlajkovic, Stanko"]
[Result "1/2-1/2"]
[WhiteElo "2402"]
[BlackElo "2233"]
[PlyCount "33"]
[EventDate "2023.12.04"]
[EventType "tourn"]
[EventRounds "9"]
[EventCountry "SRB"]
[SourceTitle "CB51_2023"]
[SourceDate "2023.12.20"]
[SourceVersion "1"]
[SourceVersionDate "2023.12.20"]
[SourceQuality "1"]

1. d4 Nf6 2. c4 e6 3. Nf3 d5 4. Nc3 Be7 5. Bf4 0-0 6. e3 b6 7. Qc2 dxc4 8. Bxc4 Ba6 9. Bxa6 Nxa6 10. Rd1 Qc8 11. a3 c5 12. 0-0 Qb7 13. Rd2 Rac8 14. Bg5 cxd4 15. Rxd4 h6 16. Bh4 Rfd8 17. Rxd8+ 1/2-1/2

[Event "Titled Tuesday intern op 30th May Early"]
[Site "Chess.com INT"]
[Date "2023.05.30"]
[Round "8"]
[White "Manukian, Artak"]
[Black "Vlajkovic, Stanko"]
[Result "0-1"]
[WhiteElo "2196"]
[BlackElo "2168"]
[PlyCount "66"]
[EventDate "2023.05.30"]
[EventType "swiss (blitz)"]
[EventRounds "11"]
[EventCountry "USA"]
[SourceTitle "CBM 214 Extra"]
[Source "ChessBase"]
[SourceDate "2023.07.31"]
[SourceVersion "1"]
[SourceVersionDate "2023.07.31"]
[SourceQuality "1"]

1. e4 e6 2. d4 a6 3. c4 c5 4. d5 exd5 5. exd5 d6 6. Bd3 Nf6 7. Nc3 Be7 8. Nge2 Nbd7 9. Bf4 Nh5 10. Bg3 Nxg3 11. hxg3 Ne5 12. Nf4 h6 13. Nh5 g6 14. Nf4 Bd7 15. Kf1 Qb6 16. Rb1 0-0-0 17. a3 g5 18. Nfe2 f5 19. b4 Rdf8 20. Qc2 f4 21. gxf4 gxf4 22. Ne4 f3 23. bxc5 fxe2+ 24. Bxe2 Qc7 25. cxd6 Bxd6 26. c5 Nf7 27. Bd3 Be5 28. c6 bxc6 29. Bxa6+ Kd8 30. Rb7 Qa5 31. Rxd7+ Kxd7 32. Qxc6+ Kd8 33. Nc5 Qxa6+ 0-1

[Event "Titled Tuesday intern op 30th May Early"]
[Site "Chess.com INT"]
[Date "2023.05.30"]
[Round "7"]
[White "Vlajkovic, Stanko"]
[Black "Gazineu Neto, Rubens"]
[Result "1-0"]
[WhiteElo "2168"]
[BlackElo "1912"]
[PlyCount "79"]
[EventDate "2023.05.30"]
[EventType "swiss (blitz)"]
[EventRounds "11"]
[EventCountry "USA"]
[SourceTitle "CBM 214 Extra"]
[Source "ChessBase"]
[SourceDate "2023.07.31"]
[SourceVersion "1"]
[SourceVersionDate "2023.07.31"]
[SourceQuality "1"]

1. d4 d5 2. c4 c6 3. Nc3 Nf6 4. Nf3 dxc4 5. a4 Bf5 6. Ne5 Nbd7 7. Nxc4 Nb6 8. Ne5 a5 9. f3 Nbd7 10. Qb3 Nxe5 11. dxe5 Nd7 12. Qxb7 Qc8 13. Qxc8+ Rxc8 14. e4 Be6 15. f4 g6 16. Be3 Bh6 17. Kf2 Rb8 18. Rb1 Bb3 19. Bd3 Nb6 20. Ra1 0-0 21. Ne2 Nc4 22. Bd4 Rfd8 23. Rhc1 Nxb2 24. Ba6 Nxa4 25. Rxc6 Bxf4 26. g3 Bd2 27. e6 fxe6 28. Bc4 Bxc4 29. Rxc4 Nb2 30. Rc6 Nd3+ 31. Kf3 Bb4 32. Rxe6 Nc5 33. Rxe7 Nxe4 34. Rxe4 Rf8+ 35. Rf4 Rxf4+ 36. Nxf4 Rd8 37. Ke4 Re8+ 38. Kd5 Rd8+ 39. Kc4 Rc8+ 40. Kb3 1-0

[Event "Titled Tuesday intern op 16th May Early"]
[Site "Chess.com INT"]
[Date "2023.05.16"]
[Round "1"]
[White "Balint, Vilmos"]
[Black "Vlajkovic, Stanko"]
[Result "0-1"]
[WhiteElo "2169"]
[BlackElo "2168"]
[PlyCount "58"]
[EventDate "2023.05.16"]
[EventType "swiss (blitz)"]
[EventRounds "11"]
[EventCountry "USA"]
[SourceTitle "CBM 214 Extra"]
[Source "ChessBase"]
[SourceDate "2023.07.31"]
[SourceVersion "1"]
[SourceVersionDate "2023.07.31"]
[SourceQuality "1"]

1. e4 d6 2. d4 Nf6 3. f3 e5 4. dxe5 dxe5 5. Qxd8+ Kxd8 6. Bg5 Nbd7 7. Nd2 h6 8. Be3 c6 9. 0-0-0 Ne8 10. Bc4 Nd6 11. Bb3 Kc7 12. Nc4 Nxc4 13. Bxc4 f6 14. Ne2 Nc5 15. b4 Na4 16. b5 Bd7 17. bxc6 bxc6 18. Bb3 Nc5 19. Ng3 a5 20. Rd2 a4 21. Bc4 Rb8 22. Rhd1 Bc8 23. Nf5 Nb7 24. Ba7 Ra8 25. Be3 Ba3+ 26. Kb1 Na5 27. Bb3 axb3 28. cxb3 g6 29. Ng3 Be6 0-1

[Event "Titled Tuesday intern op 16th May Early"]
[Site "Chess.com INT"]
[Date "2023.05.16"]
[Round "5"]
[White "Ivic, Velimir"]
[Black "Vlajkovic, Stanko"]
[Result "1-0"]
[WhiteElo "2595"]
[BlackElo "2168"]
[PlyCount "41"]
[EventDate "2023.05.16"]
[EventType "swiss (blitz)"]
[EventRounds "11"]
[EventCountry "USA"]
[SourceTitle "CBM 214 Extra"]
[Source "ChessBase"]
[SourceDate "2023.07.31"]
[SourceVersion "1"]
[SourceVersionDate "2023.07.31"]
[SourceQuality "1"]

1. e4 e6 2. d4 a6 3. Nc3 b5 4. Bd3 Bb7 5. Nf3 b4 6. Ne2 c5 7. c3 a5 8. 0-0 Nf6 9. Ng3 h5 10. e5 h4 11. Nf5 h3 12. exf6 hxg2 13. Re1 Qxf6 14. Bg5 Bxf3 15. Qxf3 Qxg5 16. Qxa8 f6 17. Qxb8+ Kf7 18. Qg3 Qh5 19. Nd6+ Kg8 20. Bg6 Qd5 21. Bf7+ 1-0

[Event "Titled Tuesday intern op 16th May Early"]
[Site "Chess.com INT"]
[Date "2023.05.16"]
[Round "9"]
[White "Vlajkovic, Stanko"]
[Black "Pakleza, Zbigniew"]
[Result "0-1"]
[WhiteElo "2168"]
[BlackElo "2494"]
[PlyCount "62"]
[EventDate "2023.05.16"]
[EventType "swiss (blitz)"]
[EventRounds "11"]
[EventCountry "USA"]
[SourceTitle "CBM 214 Extra"]
[Source "ChessBase"]
[SourceDate "2023.07.31"]
[SourceVersion "1"]
[SourceVersionDate "2023.07.31"]
[SourceQuality "1"]

1. Nf3 d5 2. b3 Nf6 3. Bb2 Bf5 4. g3 e6 5. Bg2 Be7 6. 0-0 h6 7. d3 0-0 8. Nbd2 c6 9. Qe1 Bh7 10. e4 a5 11. e5 Nfd7 12. a4 Na6 13. Qe2 Nb4 14. Rac1 b5 15. axb5 cxb5 16. Nd4 Qb6 17. Kh1 Rfc8 18. f4 a4 19. f5 Bc5 20. fxe6 fxe6 21. Qg4 Nxe5 22. Qxe6+ Qxe6 23. Nxe6 Bd6 24. Nf3 Ng4 25. Nfd4 a3 26. Ba1 Ne3 27. Nxb5 Nxf1 28. Nxd6 Ne3 29. Nxc8 Rxc8 30. Nd4 Nxd3 31. Rg1 Nf2# 0-1

[Event "SRB-chT 1st League CS"]
[Site "Bajina Basta"]
[Date "2021.10.01"]
[Round "8.5"]
[White "Cvetanovic, Uros"]
[Black "Vlajkovic, Stanko"]
[Result "1/2-1/2"]
[WhiteElo "2239"]
[BlackElo "2202"]
[PlyCount "29"]
[EventDate "2021.09.26"]
[EventType "team-tourn"]
[EventRounds "11"]
[EventCountry "SRB"]
[SourceTitle "EXT 2023"]
[Source "ChessBase"]
[SourceDate "2022.10.05"]
[SourceVersion "1"]
[SourceVersionDate "2022.10.05"]
[SourceQuality "1"]
[WhiteTeam "Paracin OSK"]
[BlackTeam "Arandjelovac"]
[WhiteTeamCountry "SRB"]
[BlackTeamCountry "SRB"]

1. e4 c6 2. Nf3 d5 3. Nc3 Bg4 4. h3 Bh5 5. d4 e6 6. Bd3 Nd7 7. Qe2 dxe4 8. Nxe4 Ngf6 9. Ng3 Bg6 10. Bxg6 hxg6 11. c3 Qc7 12. Ng5 Be7 13. N3e4 Nxe4 14. Nxe4 Nf6 15. Nxf6+ 1/2-1/2

[Event "Arandjelovac Akva Gold IM3"]
[Site "Arandjelovac"]
[Date "2021.08.06"]
[Round "9"]
[White "Chen, Jonathan"]
[Black "Vlajkovic, Stanko"]
[Result "1-0"]
[WhiteElo "2157"]
[BlackElo "2232"]
[PlyCount "89"]
[EventDate "2021.07.31"]
[EventType "tourn"]
[EventRounds "9"]
[EventCountry "SRB"]
[EventCategory "1"]
[SourceTitle "CBM 203 Extra"]
[Source "ChessBase"]
[SourceDate "2021.09.30"]
[SourceVersion "1"]
[SourceVersionDate "2021.09.30"]
[SourceQuality "1"]

1. d4 Nf6 2. c4 d6 3. Nf3 Bg4 4. g3 Nbd7 5. Bg2 e5 6. Nc3 Be7 7. 0-0 0-0 8. e4 Re8 9. h3 Bh5 10. Be3 exd4 11. Bxd4 Ne5 12. g4 Nxf3+ 13. Qxf3 Bg6 14. Rad1 Nd7 15. Qe2 Bh4 16. f4 f6 17. Nd5 Nc5 18. Bxc5 dxc5 19. Nb6 Qe7 20. Nxa8 Rxa8 21. Qd3 Re8 22. Qd7 Bf7 23. Qxe7 Rxe7 24. Rd8+ Be8 25. Rb8 c6 26. Rf3 Kf7 27. Re3 g5 28. f5 b6 29. Kf1 Rd7 30. Ke2 Re7 31. Rd3 b5 32. b3 Kg7 33. cxb5 cxb5 34. Rc3 c4 35. bxc4 bxc4 36. Rxc4 Bg3 37. Rb1 Bf7 38. Ra4 Rd7 39. e5 Re7 40. e6 Be8 41. Rc4 a6 42. a4 h5 43. Rb7 Kf8 44. Rxe7 Kxe7 45. Bc6 1-0

[Event "Arandjelovac Akva Gold IM3"]
[Site "Arandjelovac"]
[Date "2021.08.05"]
[Round "8"]
[White "Vlajkovic, Stanko"]
[Black "Efremov, Vladislav"]
[Result "0-1"]
[WhiteElo "2232"]
[BlackElo "2265"]
[PlyCount "60"]
[EventDate "2021.07.31"]
[EventType "tourn"]
[EventRounds "9"]
[EventCountry "SRB"]
[EventCategory "1"]
[SourceTitle "CBM 203 Extra"]
[Source "ChessBase"]
[SourceDate "2021.09.30"]
[SourceVersion "1"]
[SourceVersionDate "2021.09.30"]
[SourceQuality "1"]

1. Nf3 Nf6 2. g3 b6 3. Bg2 Bb7 4. c4 g6 5. Nc3 Bg7 6. d4 0-0 7. 0-0 Ne4 8. Nxe4 Bxe4 9. Bf4 c5 10. Be5 Bxe5 11. Nxe5 Bxg2 12. Kxg2 Qc7 13. Nf3 d6 14. Qd2 cxd4 15. Qxd4 Nd7 16. Qh4 Nf6 17. Rac1 Kg7 18. Rfd1 Rfc8 19. Nd4 Qb7+ 20. Kg1 Qa6 21. b4 Qxa2 22. e4 Kh8 23. Rc2 Qa4 24. f4 Rxc4 25. Rcd2 Nxe4 26. Qxe7 Qe8 27. Qh4 Nxd2 28. Qf6+ Kg8 29. Nf5 Qe3+ 30. Kg2 Qe2+ 0-1

[Event "Arandjelovac Akva Gold IM1"]
[Site "Arandjelovac"]
[Date "2021.07.21"]
[Round "6"]
[White "Harshini, A."]
[Black "Vlajkovic, Stanko"]
[Result "0-1"]
[WhiteElo "2189"]
[BlackElo "2245"]
[PlyCount "128"]
[EventDate "2021.07.17"]
[EventType "tourn"]
[EventRounds "9"]
[EventCountry "SRB"]
[SourceTitle "CBM 203 Extra"]
[Source "ChessBase"]
[SourceDate "2021.09.30"]
[SourceVersion "1"]
[SourceVersionDate "2021.09.30"]
[SourceQuality "1"]

1. e4 d6 2. d4 Nf6 3. Nc3 c6 4. Nf3 g6 5. Be2 Bg7 6. 0-0 0-0 7. h3 Nbd7 8. a4 e5 9. Re1 Qc7 10. Bg5 h6 11. Be3 Re8 12. d5 Nc5 13. Bxc5 dxc5 14. dxc6 bxc6 15. Bc4 Rb8 16. b3 Nh5 17. Qe2 Nf4 18. Qe3 Qe7 19. Rad1 Ne6 20. Ne2 Nd4 21. Nexd4 cxd4 22. Qc1 Bf8 23. Rd3 Kg7 24. Nh2 Qg5 25. Rf3 f6 26. Qxg5 hxg5 27. Ng4 Bb4 28. Re2 Rf8 29. Rd3 Bd7 30. f3 Rbe8 31. Rd1 a5 32. Kh1 Bc8 33. Kg1 Re7 34. Nf2 f5 35. exf5 gxf5 36. Nd3 Bd6 37. Nf2 Rfe8 38. Bd3 g4 39. hxg4 e4 40. fxe4 fxg4 41. Rf1 Rh8 42. e5 Rxe5 43. Rxe5 Bxe5 44. Ne4 Rh5 45. g3 Be6 46. Kg2 Bd5 47. Rh1 Rxh1 48. Kxh1 Bxg3 49. Kg1 Bf4 50. Nf2 Be3 51. Kf1 Bf3 52. Be4 Bxe4 53. Nxe4 Kg6 54. Nd6 Bf4 55. Nc4 Bc7 56. b4 axb4 57. a5 Kf5 58. a6 Bb8 59. Na5 Ba7 60. Nxc6 d3 61. Nxb4 d2 62. Ke2 g3 63. Nd5 g2 64. Ne3+ Bxe3 0-1

[Event "Arandjelovac Akva Gold IM1"]
[Site "Arandjelovac"]
[Date "2021.07.21"]
[Round "7"]
[White "Vlajkovic, Stanko"]
[Black "Chen, Jonathan"]
[Result "1-0"]
[WhiteElo "2245"]
[BlackElo "2103"]
[PlyCount "85"]
[EventDate "2021.07.17"]
[EventType "tourn"]
[EventRounds "9"]
[EventCountry "SRB"]
[SourceTitle "CBM 203 Extra"]
[Source "ChessBase"]
[SourceDate "2021.09.30"]
[SourceVersion "1"]
[SourceVersionDate "2021.09.30"]
[SourceQuality "1"]

1. d4 Nf6 2. g3 d5 3. Bg2 c6 4. Nf3 Bg4 5. Nbd2 Nbd7 6. 0-0 e6 7. b3 Be7 8. Bb2 0-0 9. c4 Re8 10. a3 Bf5 11. Rc1 Ne4 12. Nxe4 Bxe4 13. Nd2 Bxg2 14. Kxg2 Nf6 15. Qc2 Rc8 16. e4 dxe4 17. Nxe4 Nxe4 18. Qxe4 Bf6 19. Rcd1 Qb6 20. Rd3 Rcd8 21. Rfd1 Re7 22. Bc1 a5 23. Be3 Qa6 24. g4 Red7 25. a4 Be7 26. Bf4 h6 27. Be5 Bd6 28. f4 Bxe5 29. Qxe5 b5 30. g5 hxg5 31. Rg3 Re8 32. Qxg5 f6 33. Qh5 Rf8 34. Rh3 bxc4 35. Qh7+ Kf7 36. Rg3 Rg8 37. f5 e5 38. dxe5 Rxd1 39. e6+ Kf8 40. Re3 Rd2+ 41. Kg3 Rd3 42. e7+ Kf7 43. Qg6# 1-0

[Event "SRB-chT 1st League"]
[Site "Bajina Basta"]
[Date "2019.09.18"]
[Round "8.15"]
[White "Vlajkovic, Stanko"]
[Black "Atalik, Suat"]
[Result "0-1"]
[WhiteElo "2156"]
[BlackElo "2516"]
[PlyCount "61"]
[EventDate "2019.09.13"]
[EventType "team-tourn"]
[EventRounds "11"]
[EventCountry "SRB"]
[SourceTitle "CBM 195 Extra"]
[Source "ChessBase"]
[SourceDate "2020.05.31"]
[SourceVersion "1"]
[SourceVersionDate "2020.05.31"]
[SourceQuality "1"]
[WhiteTeam "Arandjelovac"]
[BlackTeam "Lucani Mladost"]
[WhiteTeamCountry "SRB"]
[BlackTeamCountry "SRB"]

1. d4 d5 2. Bf4 e6 3. Nf3 Bd6 4. Bxd6 cxd6 5. Nbd2 Nf6 6. e3 0-0 7. c4 Nc6 8. cxd5 Nxd5 9. Be2 e5 10. dxe5 dxe5 11. 0-0 Qe7 12. Nb3 Be6 13. Nfd2 Rfd8 14. a3 Rac8 15. Qb1 g6 16. Bf3 a5 17. Rd1 Nf6 18. Nc1 Bf5 19. e4 Bg4 20. Ne2 Bxf3 21. Nxf3 Rxd1+ 22. Qxd1 Nxe4 23. Qa4 Nc5 24. Qg4 Rd8 25. Nc3 e4 26. Re1 f5 27. Qg3 Nd3 28. Re2 Nxb2 29. Rxb2 Qxa3 30. Rb1 Qxc3 31. Ng5 0-1

[Event "SRB-chT 1st League"]
[Site "Bajina Basta"]
[Date "2019.09.17"]
[Round "7.3"]
[White "Rajkovic, Dusan"]
[Black "Vlajkovic, Stanko"]
[Result "1/2-1/2"]
[WhiteElo "2258"]
[BlackElo "2156"]
[PlyCount "102"]
[EventDate "2019.09.13"]
[EventType "team-tourn"]
[EventRounds "11"]
[EventCountry "SRB"]
[SourceTitle "CBM 195 Extra"]
[Source "ChessBase"]
[SourceDate "2020.05.31"]
[SourceVersion "1"]
[SourceVersionDate "2020.05.31"]
[SourceQuality "1"]
[WhiteTeam "Jasenica"]
[BlackTeam "Arandjelovac"]
[WhiteTeamCountry "SRB"]
[BlackTeamCountry "SRB"]

1. d4 Nf6 2. c4 c5 3. d5 g6 4. Nc3 d6 5. e4 Bg7 6. Nge2 0-0 7. Ng3 a6 8. a4 Re8 9. Be2 e6 10. 0-0 exd5 11. exd5 Nbd7 12. h3 Rb8 13. Qc2 h5 14. Bg5 Qc7 15. f4 Nh7 16. Bh4 Bf6 17. Bxf6 Ndxf6 18. f5 Kg7 19. fxg6 fxg6 20. Bd3 Re3 21. Kf2 Qe7 22. Bxg6 Qe5 23. Nge2 Bd7 24. Kg1 Ng5 25. Bf5 Rg8 26. Bxd7 Nxd7 27. Kh1 Rf8 28. Rxf8 Nxf8 29. Rf1 Ng6 30. Rf5 Qe7 31. Qd2 h4 32. Kg1 Re5 33. Rf2 Ne4 34. Nxe4 Rxe4 35. b3 Qe5 36. Kf1 Re3 37. Rf3 Rxf3+ 38. gxf3 Qf5 39. Kg2 Ne5 40. Qc3 Kg8 41. Qe3 Qg6+ 42. Kf1 Qb1+ 43. Kg2 Qg6+ 44. Kf2 Qf5 45. f4 Nd3+ 46. Kg2 Kf7 47. Kh2 Kf6 48. Qe8 Nxf4 49. Qf8+ Kg5 50. Qe7+ Kh5 51. Qe8+ Ng6 1/2-1/2

[Event "Vrnjacka Banja Gligoric Cup 6th"]
[Site "Vrnjacka Banja"]
[Date "2019.05.26"]
[Round "5.1"]
[White "Vlajkovic, Stanko"]
[Black "Tadic, Stefan"]
[Result "1/2-1/2"]
[WhiteElo "2277"]
[BlackElo "2235"]
[PlyCount "78"]
[EventDate "2019.05.23"]
[EventType "team-swiss"]
[EventRounds "5"]
[EventCountry "SRB"]
[SourceTitle "CBM 190 Extra"]
[Source "ChessBase"]
[SourceDate "2019.07.15"]
[SourceVersion "1"]
[SourceVersionDate "2019.07.15"]
[SourceQuality "1"]
[WhiteTeam "Arandelovac"]
[BlackTeam "Belgrade Tadic"]
[WhiteTeamCountry "SRB"]
[BlackTeamCountry "SRB"]

1. Nf3 c5 2. g3 Nc6 3. c4 g6 4. Bg2 Bg7 5. 0-0 Nf6 6. Nc3 0-0 7. d4 cxd4 8. Nxd4 Qa5 9. Nc2 d6 10. a3 Be6 11. Ne3 Rfc8 12. Ncd5 Qd8 13. Rb1 Rab8 14. b3 b5 15. cxb5 Rxb5 16. a4 Rbb8 17. Bb2 Nxd5 18. Nxd5 Bxb2 19. Rxb2 a5 20. Nf4 Bd7 21. h4 Ne5 22. Qd2 Bc6 23. h5 Bxg2 24. Kxg2 Qb6 25. Nd5 Qb7 26. f3 Rc5 27. Ne3 Qb4 28. Rd1 Qxd2 29. Rdxd2 gxh5 30. Nd5 Kf8 31. b4 axb4 32. Rxb4 Rxb4 33. Nxb4 Nc4 34. Ra2 Ke8 35. e4 Kd7 36. Nd5 e6 37. Nf4 Ra5 38. Kh3 Ne5 39. Ra3 Nc6 1/2-1/2